Learning Resource and Development

Qualitative research methods for community development / (Record no. 29920)

MARC details
000 -LEADER
fixed length control field 03287cam a2200397 i 4500
001 - CONTROL NUMBER
control field 22107484
003 - CONTROL NUMBER IDENTIFIER
control field CSPC
005 - DATE AND TIME OF LATEST TRANSACTION
control field 20250807102235.0
008 - FIXED-LENGTH DATA ELEMENTS--GENERAL INFORMATION
fixed length control field 210630s2022 nyu b 001 0 eng
010 ## - LIBRARY OF CONGRESS CONTROL NUMBER
LC control number 2021030491
020 ## - INTERNATIONAL STANDARD BOOK NUMBER
International Standard Book Number 9781032001418
Qualifying information (paperback)
035 ## - SYSTEM CONTROL NUMBER
System control number 22107484
040 ## - CATALOGING SOURCE
Original cataloging agency DLC
Language of cataloging eng
Transcribing agency DLC
Description conventions rda
Modifying agency DLC
-- CSPC
042 ## - AUTHENTICATION CODE
Authentication code pcc
050 00 - LIBRARY OF CONGRESS CALL NUMBER
Classification number HN49.C6
Item number S55 2022
082 00 - DEWEY DECIMAL CLASSIFICATION NUMBER
Classification number 307.14
Item number Si395q
Edition number 23
100 1# - MAIN ENTRY--PERSONAL NAME
Personal name Silverman, Robert Mark,
Dates associated with a name 1967-
Relator term author.
245 10 - TITLE STATEMENT
Title Qualitative research methods for community development /
Statement of responsibility, etc. Robert Mark Silverman and Kelly L. Patterson.
250 ## - EDITION STATEMENT
Edition statement Second edition.
264 #1 - PRODUCTION, PUBLICATION, DISTRIBUTION, MANUFACTURE, AND COPYRIGHT NOTICE
Place of production, publication, distribution, manufacture New York, NY ;
-- Abingdon, Oxon :
Name of producer, publisher, distributor, manufacturer Routledge,
Date of production, publication, distribution, manufacture, or copyright notice 2022.
300 ## - PHYSICAL DESCRIPTION
Extent xii, 145 pages ;
Dimensions 24 cm.
336 ## - CONTENT TYPE
Content type term text
Content type code txt
Source rdacontent
337 ## - MEDIA TYPE
Media type term unmediated
Media type code n
Source rdamedia
338 ## - CARRIER TYPE
Carrier type term volume
Carrier type code nc
Source rdacarrier
504 ## - BIBLIOGRAPHY, ETC. NOTE
Bibliography, etc. note Includes bibliographical references and index.
505 0# - FORMATTED CONTENTS NOTE
Formatted contents note Qualitative research for students and professionals -- Qualitative analysis as an iterative process -- An introduction to qualitative data analysis software -- Field notes and observations -- Semi-structured interviewing -- Focus groups -- Online qualitative interviewing and focus groups -- Content analysis -- Dissemination of qualitative findings.
520 ## - SUMMARY, ETC.
Summary, etc. "The second edition of Qualitative Research Methods for Community Development teaches the basic skills, tools, and methods of qualitative research with special attention to the needs of community practitioners. This book teaches students entering planning, community development, nonprofit management, social work, and similar applied fields the core skills necessary to conduct systematic research designed to empower communities and promote social change. Focusing on the basic elements of qualitative research, such as field observation, interviewing, focus groups, and content analysis, this second edition of Qualitative Research Methods for Community Development provides an overview of core methods and theoretical underpinnings of successful research. It also includes two new chapters on qualitative data analysis software and techniques for conducting online qualitative interviews and focus groups. From housing, community organizing, neighborhood planning, and urban revitalization, this book gives students the skills they need to undertake their own projects and provides professionals a valuable reference for their future research. Qualitative Research Methods for Community Development serves as a primary text for courses in applied qualitative research, and as a reference book for professionals and community-based researchers"--
Assigning source Provided by publisher.
650 #0 - SUBJECT ADDED ENTRY--TOPICAL TERM
Topical term or geographic name entry element Community development.
650 #0 - SUBJECT ADDED ENTRY--TOPICAL TERM
Topical term or geographic name entry element Qualitative research.
700 1# - ADDED ENTRY--PERSONAL NAME
Personal name Patterson, Kelly L.,
Relator term author.
776 08 - ADDITIONAL PHYSICAL FORM ENTRY
Relationship information Online version:
Main entry heading Silverman, Robert Mark.
Title Qualitative research methods for community development.
Edition 2nd edition
Place, publisher, and date of publication New York, NY : Routledge, 2022
International Standard Book Number 9781003172925
Record control number (DLC) 2021030492
906 ## - LOCAL DATA ELEMENT F, LDF (RLIN)
a 7
b cbc
c orignew
d 1
e ecip
f 20
g y-gencatlg
942 ## - ADDED ENTRY ELEMENTS (KOHA)
Source of classification or shelving scheme Dewey Decimal Classification
Koha item type Books
Edition 23
Classification part 307.14
Item part Si395q
Call number prefix CIR
Call number suffix 2022
Suppress in OPAC No
Holdings
Withdrawn status Lost status Source of classification or shelving scheme Damaged status Not for loan Home library Current library Shelving location Date acquired Total Checkouts Full call number Barcode Date last seen Copy number Price effective from Koha item type
    Dewey Decimal Classification     Main Library Main Library Circulation Section 08/07/2025   CIR 307.14 Si395q 2022 029872 08/07/2025 1-1 08/07/2025 Books